00592cam a2200157 a 4500020001500000020002500015040000800040082004000048100001800088245015600106260008800262300002000350500002000370650002500390700001900415 a9065441794 a3787540229 (Metzner) cDLC00a346.43/065a344 A.ME 1984 A078 Or.1 aJung, Harald,10aStarting business operations in Germany :ba practical guide with emphasis on sales agency agreements, limited liability companies, branch operations / aDeventer, Netherlands :bKluwer ;aFrankfurt am Main, Germany :bA. Metzner,c1984. a79 p. ;c24 cm. aIncludes index. 0aBusiness enterprises1 aGres, Joachim.